000 00999cam a2200277Ii 4500
008
020 _a9781783604920 (pbk.)
049 _aMAIN
090 _aHD1699.A357
_bWAT
245 0 0 _aWater and development :
_bgood governance after neoliberalism /
_cedited by Ronaldo Munck .... [et al.].
260 _aLondon :
_bZed Books,
_c2015.
300 _axi, 259 p. :
_bill., maps ;
_c22 cm.
490 1 _aCROP international studies in poverty research.
500 _aIncludes index.
504 _aIncludes bibliographical references.
650 0 _aWater-supply
_xEconomic aspects
_zAfrica, Sub-Saharan.
650 0 _aWater-supply
_zAfrica, Sub-Saharan
_xManagement.
650 0 _aEconomic development
_zAfrica, Sub-Saharan.
650 0 _aWomen in development
_zAfrica, Sub-Saharan.
700 1 _aMunck, Ronaldo.
907 _a.b10369739
_b02-06-16
_c17-02-16
003
005 20230123122207.0
040 _cNUST
942 _cBOOKS
_kHD1699.A357
_mWAT
999 _c129446
_d129446